Statistics for The Mighty Boosh Characters

Click here to take the quiz!

General Stats

  • This quiz has been taken 124 times
    (50 since last reset)
  • The average score is 18 of 25

Answer Stats

HintAnswer% Correct
Talking gorilla, friend of aboveBollo
100%
Main character with a love of jazzHoward Moon
100%
Their shaman friendNaboo the Enigma
100%
Main character with a love of fashionVince Noir
100%
Hermaphrodite merman who likes to drink Baileys from a shoeOld Gregg
97%
Drug-addicted urban animal that lives in a pile of binbagsThe Crack Fox
92%
Orbits the EarthThe Moon
92%
Shaman who resembles a pink head with tentaclesTony Harrison
89%
Eccentric manager of the ZooniverseBob Fossil
87%
Green-skinned Cockney with a Polo mint over one eyeThe Hitcher
87%
Intrepid explorer and owner of the ZooniverseDixon Bainbridge
76%
Bubblegum monster and protagonist of Vince's novelCharlie
74%
Coconut man created by Howard to keep him company on a desert islandMilky Joe
68%
Depraved shaman who resembles a childKirk
58%
Guitarist of Bongo Brothers with a door in his foreheadRudi van DiSarzio
58%
Shaman with a dislike of the above and an obsession with 'the Crunch'Saboo
55%
Drummer of Bongo Brothers with a Mexican accentSpider Dijon
55%
Zooniverse worker and Howard's love interestMrs Gideon
53%
Howard's doppelgänger and the other half of the Flighty ZeusHarold Boom
50%
Demon resembling an elderly womanNanatoo
50%
Ghost known in life as Howlin' Jimmy JeffersonThe Spirit of Jazz
50%
Former owner of the Zooniverse with a head made of cheeseTommy Nookah
50%
Leader of the Board of ShamanDennis
45%
Vince's doppelgänger, member of the Flighty ZeusLance Dior
39%
Blind, jazz-loving friend of HowardLester Corncrake
37%

Score Distribution

Percentile by Number Answered

Percent of People with Each Score

Your Score History

You have not taken this quiz since the last reset